Elementos de electricidad industrial / (Record no. 131004)

MARC details
000 -LEADER
campo de control de longitud fija 01071nam a2200289 i 4500
001 - NÚMERO DE CONTROL
campo de control 131004
003 - IDENTIFICADOR DE NÚMERO DE CONTROL
campo de control ES-MaACL
005 - FECHA Y HORA DE LA ÚLTIMA TRANSACCIÓN
campo de control 20230906193909.0
007 - CAMPO FIJO DE DESCRIPCIÓN FÍSICA--INFORMACIÓN GENERAL
campo de control de longitud fija t|
008 - DATOS DE LONGITUD FIJA--INFORMACIÓN GENERAL
campo de control de longitud fija 070214m19571960sp r ||||1| spa d
080 ## - NÚMERO DE LA CLASIFICACIÓN DECIMAL UNIVERSAL
Número de la Clasificación Decimal Universal 621.3
100 1# - ENTRADA PRINCIPAL--NOMBRE DE PERSONA
Nombre de persona Roberjot, P.
9 (RLIN) 97795
245 10 - MENCIÓN DEL TÍTULO
Título Elementos de electricidad industrial /
Mención de responsabilidad, etc. por P. Roberjot ; versión por José Mª Mantero.
250 ## - MENCION DE EDICION
Mención de edición 6ª ed.
260 ## - PUBLICACIÓN, DISTRIBUCIÓN, ETC.
Lugar de publicación, distribución, etc. Barcelona :
Nombre del editor, distribuidor, etc. Gustavo Gili,
Fecha de publicación, distribución, etc. 1957-1960.
300 ## - DESCRIPCIÓN FÍSICA
Extensión 4 v. :
Otras características físicas il. ;
Dimensiones 19 cm.
505 8# - NOTA DE CONTENIDO CON FORMATO
Nota de contenido con formato Contiene: 2. Medidas eléctricas industriales -- 3. Máquinas eléctricas -- 4. Instalaciones interiores: timbres, teléfonos, alumbrado, motores -- 5. Centrales y redes / por P. Roberjot y C. Féru
650 #4 - PUNTO DE ACCESO ADICIONAL DE MATERIA--TÉRMINO DE MATERIA
Término de materia o nombre geográfico como elemento de entrada Electrotecnia.
9 (RLIN) 12169
650 #4 - PUNTO DE ACCESO ADICIONAL DE MATERIA--TÉRMINO DE MATERIA
Término de materia o nombre geográfico como elemento de entrada Medidas eléctricas.
9 (RLIN) 14946
650 #4 - PUNTO DE ACCESO ADICIONAL DE MATERIA--TÉRMINO DE MATERIA
Término de materia o nombre geográfico como elemento de entrada Máquinas eléctricas.
9 (RLIN) 14765
650 ## - PUNTO DE ACCESO ADICIONAL DE MATERIA--TÉRMINO DE MATERIA
Término de materia o nombre geográfico como elemento de entrada Instalaciones eléctricas.
9 (RLIN) 13826
650 #4 - PUNTO DE ACCESO ADICIONAL DE MATERIA--TÉRMINO DE MATERIA
Término de materia o nombre geográfico como elemento de entrada Centrales eléctricas.
9 (RLIN) 10882
650 #4 - PUNTO DE ACCESO ADICIONAL DE MATERIA--TÉRMINO DE MATERIA
Término de materia o nombre geográfico como elemento de entrada Redes eléctricas.
9 (RLIN) 16712
700 1# - ENTRADA AGREGADA--NOMBRE PERSONAL
Nombre de persona Féru, C.
9 (RLIN) 50616
700 1# - ENTRADA AGREGADA--NOMBRE PERSONAL
Nombre de persona Mantero, José María.
9 (RLIN) 76154
852 4# - LOCALIZACIÓN
Ubicación ES-MaACL
Número de control de estantería P-93
Holdings
Estatus retirado Estado de pérdida Estado de daño No para préstamo Biblioteca de origen Biblioteca actual Ubicación en estantería Fecha de adquisición Fuente de adquisición Total de préstamos Signatura topográfica completa Código de barras Visto por última vez Precio de reemplazo Tipo de ítem Koha
        Biblioteca del Ateneo de Madrid Biblioteca del Ateneo de Madrid Depósito 2 17/01/2008     P-93 1136392 23/02/2023 23/02/2023 Libro impreso